000 00929cam a2200181 4500
001 WB3915-23
008 030424n2003 000 0 eng u
035 _a(Sirsi) u122082
245 _aStrategy for countryside launched
260 _c2003
490 _aCountryside Focus
_v (25) April/May 2003, 1-2(1)
520 _aThe Countryside Agency has published "Quality of life in tomorrow's countryside", which outlines seven key themes for a new countryside strategy. Themes include making the quality of life better for people in the countryside and making the quality of the countryside better for everyone to enjoy. Copies of the report are available from [email protected] or t +44 (0)1242 521381 or download from http://www.countryside.gov.uk/publications/publication.asp?PublicationID=603
590 _aWB
650 _aCOUNTRYSIDE AGENCY
650 _aCOUNTRYSIDE PLANNING
690 _aRural
_96268
942 _n0
999 _c72539
_d72539